Rozvoj zručností jednotlivca v súlade s požiadavkami trhu práce bakalárska práca

Guardado en:
Detalles Bibliográficos
Autor principal: Kopolovič, Matej
Autor Corporativo: Národohospodárska fakulta EU. Katedra sociálneho rozvoja a práce
Otros Autores: Polonyová, Simona, 1985-
Formato: Libro
Lenguaje:eslovaco
Publicado: Bratislava 2024
Etiquetas: Agregar Etiqueta
Sin Etiquetas, Sea el primero en etiquetar este registro!

MARC

LEADER 00000nbm a2200000 4500
001 0301577
005 20250610094809.2
041 0 |a slo 
044 |a SK 
245 1 0 |a Rozvoj zručností jednotlivca v súlade s požiadavkami trhu práce  |b bakalárska práca  |c Matej Kopolovič ; školiteľ: Simona Polonyová 
264 1 |a Bratislava  |c 2024 
300 |a 41 s. 
100 1 |a Kopolovič, Matej 
700 1 |a Polonyová, Simona, 1985- 
710 2 |a Národohospodárska fakulta EU. Katedra sociálneho rozvoja a práce